Combating cancer / (Record no. 139676)

MARC details
000 -LEADER
fixed length control field 00561nam a22001817a 4500
005 - DATE AND TIME OF LATEST TRANSACTION
control field 20230511163512.0
010 ## - LCCN (DPL NO)
LC control number ENG-118097
020 ## - INTERNATIONAL STANDARD BOOK NUMBER
International Standard Book Number 8189766449
Terms of availability 1245.00
035 ## - SYSTEM CONTROL NUMBER
System control number EN-101629
037 ## - SOURCE OF ACQUISITION
Source of stock number/acquisition DBAD/PUB
082 ## - DEWEY DECIMAL CLASSIFICATION NUMBER
Classification number 616.994
100 ## - MAIN ENTRY--PERSONAL NAME
Personal name HD Kumar
245 ## - TITLE STATEMENT
Title Combating cancer /
Statement of responsibility, etc by HD Kumar, Swati Kumar
Remainder of title Diagnosis,therapy and nanomedicine
260 ## - PUBLICATION, DISTRIBUTION, ETC. (IMPRINT)
Place of publication, distribution, etc New Delhi
Name of publisher, distributor, etc Vitasta Publishing
Date of publication, distribution, etc 2015
270 ## - ADDRESS
Address 2/15, Ansari Road, Daryaganj New Delhi - 110002
300 ## - PHYSICAL DESCRIPTION
Extent xviii, 309p
Dimensions 24cm. (Hb)
942 ## - ADDED ENTRY ELEMENTS (KOHA)
Source of classification or shelving scheme Dewey Decimal Classification
Item type English Books
Classification part 616.994
Call number suffix KUM
Holdings
Withdrawn status Lost status Not for loan Collection code Home library Current library Date acquired Source of acquisition Cost, normal purchase price Full call number Barcode Copy number Cost, replacement price Koha item type
      Fiction Shahdara Branch Shahdara Branch 09/05/2017 DBAD/PUB 1245.00 616.994 KUM EN-101629 1 1245.00 English Books

© Delhi Public Library
Hit Counter
free hit counter